Caracterización hidrológica de la cuenca del río Sauce Grande en primera fase /

Guardado en:
Autor Principal: Paoloni, Juan D.
Otros Autores: Tujchneider, O. C., Luque, J. A.
Formato: Libro
Idioma:Spanish
Etiquetas: Agregar Etiqueta
Sin Etiquetas, Sea el primero en etiquetar este registro!
LEADER 00579nam a22001575a 4500
001 EUN.um021432
003 AR-BaUNS
005 20050623122900.0
008 041125b########xx############000#0#spa#d
245 1 0 |a Caracterización hidrológica de la cuenca del río Sauce Grande en primera fase /  |c Juan D. Paoloni, O. C. Tujchneider, J. A. Luque. 
100 1 |a Paoloni, Juan D. 
700 1 |a Tujchneider, O. C. 
700 1 |a Luque, J. A. 
082 0 4 |a 551.48 
859 |a Ar-BaUNS  |b BIB. CENTRAL - Sector A  |h 551.48  |i P197  |p 74305/976 
859 |a Ar-BaUNS  |b BIB. CENTRAL - Sector A  |h 551.48  |i P197  |p 74302/976  |t Ej.2